Mexico, Spain, or Italy? - Statistics

General Stats
  • This quiz has been taken 30 times
  • The average score is 13 of 19
Answer Stats
Question Answer % Correct
Which borders the world's smallest sovereign nation? Italy
96%
Where is Flamenco a local folk dance? Spain
96%
Which is still a monarchy? Spain
96%
Which is the (modern) birthplace of Christopher Columbus? Italy
88%
Which has the most Catholics (by sheer numbers)? Mexico
88%
Where is Tarantella a local folk dance? Italy
83%
Which won Eurovision with the band Måneskin? Italy
79%
Which was a member of WWI's Allied Powers? Italy
79%
Which spent time governed by the Umayyad Caliphate? Spain
79%
Which was the first to use tomatoes in their cusine? Mexico
71%
Where is Ballet Folklorico a local folk dance? Mexico
67%
Which was a signer of the Treaty of Tordesillas? Spain
67%
Which was blamed for the sinking of the USS Maine? Spain
63%
Which was slated to host the canceled 1944 Olympic Games? Italy
58%
Which allowed 15th century religious figures to use torture methods like the garrucha, the toca, and the potro? Spain
58%
Which is the birthplace of the Caesar Salad? Mexico
46%
Which has the tallest mountain? Mexico
46%
Which was conquered by Napoleon III? Mexico
33%
Which ranked highest in the 2024 & 2025 World Happiness Report? Mexico
17%
No matching quizzes found
Score Distribution
Percent of People with Each Score
Percentile by Number Answered
Your Score History
You have not taken this quiz